000 00370nam a2200145Ia 4500
008 231129s1997||||xx |||||||||||||| ||spa||
020 _a958-30-0346-8
040 _bspa
082 _a(i) Co863.44 B932r
100 _aBuitrago Fanny
245 0 _aCartas del palomar
260 _c1997
264 _aPanamericana
942 _2ddc
_cBKS
999 _c6716
_d6716